Komunikace učitelů se žáky

Bibliographic Details
Main Author: Křivohlavý, Jaro, 1925-2014 (Author)
Format: Book
Language:Undetermined
PhysicalDescription:105 s.
Published: Olomouc Krajský pedagogický ústav 1987

MARC

LEADER 00000nam a2200000 a 4500
001 vtls001265432
003 SK-MaSNL
005 20260301155010.0
008 240315s1987 xx 0 und
035 |a SNK000216358 
040 |a SNK  |b slo  |c SNK  |e AACR2 
100 1 |a Křivohlavý, Jaro,  |d 1925-2014  |4 aut  |9 179331 
245 1 |a Komunikace učitelů se žáky 
260 |a Olomouc  |b Krajský pedagogický ústav  |c 1987 
300 |a 105 s. 
958 |a OND 
999 |c 798901  |d 800831 
952 |t P60, <04>, [BOOK], {604}  |a SNK  |b SNK  |y VYP  |7 0  |p 17A0018309  |o snkIC 107609 D1  |0 0  |1 1  |4 0  |d 1996-11-07  |l 0  |r 2005-01-01 00:00:00  |w 2026-02-24 
952 |t P60, <04>, [BOOK], {604}  |a SNK  |b SNK  |y VYP  |7 0  |p 17A0037899  |o snkIC 107609  |0 0  |1 0  |4 0  |d 1997-02-13  |l 0  |r 2005-01-01 00:00:00  |w 2026-02-24